000 00374nam a2200157Ia 4500
008 241014s9999||||xx |||||||||||||| ||und||
020 _a9780071254205
060 _aHF 565 D 2007
100 _aDouprik, Timothy
245 0 _aInternational Accounting
250 _a2007
260 _aBoston
_bMC Graw- Hill
300 _a640
650 _aAccounting
942 _bIBHM
_cBK
999 _c16218
_d16218